[Event "Asian Nations Cup 2016"]
[Site "Abu Dhabi UAE"]
[Date "2016.04.04"]
[Round "8.1"]
[White "Jumabayev, Rinat"]
[Black "Ghaem Maghami, Ehsan"]
[Result "1/2-1/2"]
[WhiteTitle "GM"]
[BlackTitle "GM"]
[WhiteElo "2607"]
[BlackElo "2549"]
[WhiteTeam "Kazakhstan"]
[BlackTeam "Iran"]
[WhiteFideId "13702661"]
[BlackFideId "12500739"]
[EventDate "2016.03.28"]

1. d4 d5 2. c4 c6 3. g3 Nf6 4. Bg2 e6 5. Nf3 Bb4+ 6. Nbd2 dxc4 7. O-O b5 8. b3
cxb3 9. Nxb3 O-O 10. Qc2 a5 11. Rd1 Qb6 12. Ne5 Nd5 13. e4 Ne7 14. Be3 Qc7 15.
Nd3 Ba3 16. Qc3 Nd7 17. Bf4 Bd6 18. Rac1 Bxf4 19. Nxf4 a4 20. Nc5 Nxc5 21. Qxc5
Qa7 22. Qb4 Rb8 23. h4 Rd8 24. h5 h6 25. Bf3 Rd7 26. Rc5 Bb7 27. Bg4 Kh8 28. Nd3
Kg8 29. Ne5 Rd6 30. Rxb5 cxb5 31. Qxd6 Bxe4 32. Rc1 Rf8 33. Nxf7 Bd5 34. Bxe6
Bxe6 35. Nxh6+ gxh6 36. Qxe6+ Rf7 37. Rc5 Qa5 38. Qg4+ Kh8 39. Qe2 Qb6 40. Qe5+
Qf6 41. Rxb5 Nc6 42. Qxf6+ Rxf6 43. d5 Nd4 44. Rb4 Ne2+ 45. Kg2 Nc3 46. Rc4 Nxa2
47. Rxa4 Nc3 48. Ra8+ Kg7 49. Rd8 Kf7 50. d6 Ke6 51. f4 Nb5 52. d7 Nd6 53. Ra8
Kxd7 54. Ra7+ Ke6 55. Kf3 Rf5 56. g4 Rd5 57. Ra3 Kf6 58. Rb3 Nb5 59. Ke3 Rc5 60.
Rd3 Ke6 61. Rd8 Nd6 62. Rh8 Nf7 63. Re8+ Kf6 64. Rg8 Ra5 65. Rg6+ Ke7 66. Ke4
Ra4+ 67. Kf3 Rb4 68. Kg3 Rb3+ 69. Kg2 Rc3 70. Kf2 Ra3 71. Kg2 Rc3 72. Kf2 Rd3
73. Kg2 Rd8 74. Kg3 Rh8 75. Kh4 Nd6 76. Rg7+ Ke6 77. Rg6+ Ke7 78. Rg7+ Ke6 79.
Rg6+ 1/2-1/2

[Event "Asian Nations Cup 2016"]
[Site "Abu Dhabi UAE"]
[Date "2016.04.04"]
[Round "8.2"]
[White "Darini, Pouria"]
[Black "Ismagambetov, Anuar"]
[Result "1/2-1/2"]
[WhiteTitle "GM"]
[BlackTitle "GM"]
[WhiteElo "2496"]
[BlackElo "2559"]
[WhiteTeam "Iran"]
[BlackTeam "Kazakhstan"]
[WhiteFideId "12502200"]
[BlackFideId "13701525"]
[EventDate "2016.03.28"]

1. e4 c5 2. Nf3 Nc6 3. Bb5 g6 4. Bxc6 bxc6 5. O-O Bg7 6. Re1 Nh6 7. c3 O-O 8. d4
cxd4 9. cxd4 d5 10. e5 f6 11. exf6 exf6 12. Nc3 g5 13. Na4 Re8 14. Bd2 Rxe1+ 15.
Qxe1 Nf5 16. Ba5 Qe7 17. Qc3 Bd7 18. Nc5 Nd6 19. Bb4 Nb5 20. Qd3 Bg4 21. Re1 Qf7
22. a4 Nc7 23. h3 Bh5 24. Ba5 Bg6 25. Qb3 Ne8 26. Nd2 Bf8 27. Ne6 Bd6 28. Qc3
Rc8 29. Nb3 Ng7 30. Nxg7 Qxg7 31. Bb4 Bb8 32. Re7 Bf7 33. Qd3 Re8 34. Qf5 Qg6
35. Qxg6+ Bxg6 36. Na5 Rxe7 37. Bxe7 Bc7 38. Nxc6 Be8 39. Nb4 Kf7 40. Nxd5 Bb8
41. Bd8 Bxa4 42. Nxf6 h6 43. Ne4 Bc6 44. Nc3 Bf4 45. Ba5 Bc1 46. b3 h5 47. d5
Bb7 48. Bc7 Bb2 49. Na4 Bd4 50. d6 Ke6 51. Kf1 Bd5 52. b4 Bc6 53. Nc5+ Bxc5 54.
bxc5 Kd5 55. f3 Kxc5 56. g4 hxg4 57. hxg4 a5 58. Kf2 a4 59. Bd8 Kxd6 60. Bxg5
Bd7 61. Kg3 Ke6 62. f4 a3 63. f5+ Ke5 64. Bf4+ Kf6 65. Bc1 Bxf5 1/2-1/2

[Event "Asian Nations Cup 2016"]
[Site "Abu Dhabi UAE"]
[Date "2016.04.04"]
[Round "8.3"]
[White "Kazhgaleyev, Murtas"]
[Black "Maghsoodloo, Parham"]
[Result "1-0"]
[WhiteTitle "GM"]
[WhiteElo "2570"]
[BlackElo "2489"]
[WhiteTeam "Kazakhstan"]
[BlackTeam "Iran"]
[WhiteFideId "13700316"]
[BlackFideId "12539929"]
[EventDate "2016.03.28"]

1. d4 Nf6 2. c4 g6 3. g3 Bg7 4. Bg2 d5 5. cxd5 Nxd5 6. e4 Nb6 7. Ne2 c5 8. d5 e6
9. O-O O-O 10. Nec3 Na6 11. Bf4 exd5 12. exd5 c4 13. Nd2 Bf5 14. d6 Nc5 15. a4
a5 16. Nce4 Ne6 17. Be3 Rc8 18. g4 Bxe4 19. Nxe4 Rc6 20. g5 Kh8 21. Qd2 c3 22.
bxc3 Nc4 23. Qe2 Nxd6 24. Rad1 Qe7 25. Nxd6 Rxd6 26. Bc5 Rfd8 27. Rxd6 Rxd6 28.
Rb1 Rd2 29. Qxd2 Nxc5 30. Bxb7 h6 31. gxh6 Be5 32. Qe3 Qd6 33. Bf3 Kh7 34. h3
Qc7 35. Rb5 Bd6 36. Bd5 f5 37. h4 Qc8 38. Qg5 Qd7 39. Rb6 Bh2+ 40. Kf1 Bd6 41.
h5 1-0

[Event "Asian Nations Cup 2016"]
[Site "Abu Dhabi UAE"]
[Date "2016.04.04"]
[Round "8.4"]
[White "Mosadeghpour, Masoud"]
[Black "Khusnutdinov, Rustam"]
[Result "1/2-1/2"]
[WhiteTitle "IM"]
[BlackTitle "GM"]
[WhiteElo "2481"]
[BlackElo "2496"]
[WhiteTeam "Iran"]
[BlackTeam "Kazakhstan"]
[WhiteFideId "12519278"]
[BlackFideId "13701703"]
[EventDate "2016.03.28"]

1. e4 c5 2. Nf3 Nc6 3. d4 cxd4 4. c3 Nf6 5. e5 Nd5 6. Bc4 Nb6 7. Bb3 d5 8. exd6
Qxd6 9. O-O Be6 10. Na3 dxc3 11. Qe2 Bxb3 12. axb3 g6 13. Be3 Nc8 14. Rad1 Qb8
15. Qd3 Nd6 16. Qxc3 f6 17. Bf4 e5 18. Nxe5 fxe5 19. Bxe5 Ne4 20. Qxc6+ bxc6 21.
Bxb8 Rxb8 22. Rfe1 Bxa3 23. bxa3 O-O 24. Rxe4 Rxb3 25. a4 Rf7 26. h4 Rb2 27. f3
c5 28. Rd8+ Kg7 29. Rc8 Rc2 30. Re5 1/2-1/2

[Event "Asian Nations Cup 2016"]
[Site "Abu Dhabi UAE"]
[Date "2016.04.04"]
[Round "8.1"]
[White "Aboudi, Marwan"]
[Black "Murshed, Niaz"]
[Result "1/2-1/2"]
[BlackTitle "GM"]
[WhiteElo "2166"]
[BlackElo "2446"]
[WhiteTeam "Jordan"]
[BlackTeam "Bangladesh"]
[WhiteFideId "8100160"]
[BlackFideId "10200010"]
[EventDate "2016.03.28"]

1. d4 Nf6 2. Nf3 e6 3. Bf4 b6 4. e3 Bb7 5. Bd3 h6 6. h3 g6 7. O-O Bg7 8. Nbd2 d6
9. c3 Nbd7 10. e4 O-O 11. Qe2 Nh5 12. Bh2 e5 13. Ba6 Qc8 14. Bxb7 Qxb7 15. dxe5
Nxe5 16. g4 Nxf3+ 17. Qxf3 Nf6 18. e5 Qxf3 19. Nxf3 dxe5 20. Bxe5 Nd5 21. Bg3
Rfe8 22. Rfe1 b5 23. Rad1 c6 24. Kf1 Rxe1+ 25. Kxe1 a5 26. Nd4 Re8+ 27. Kf1 Bxd4
28. Rxd4 Nf6 29. Rd6 Re6 30. Rxe6 fxe6 31. a4 bxa4 32. Ke2 Ne4 33. Bc7 a3 34.
bxa3 Nxc3+ 35. Kd3 Nb5 36. Bxa5 Nxa3 37. Kd4 Kf7 38. Kc5 e5 39. Bd2 h5 40. f4
hxg4 41. hxg4 Ke6 42. Kxc6 Nc4 43. f5+ gxf5 44. gxf5+ Kxf5 45. Bc3 e4 46. Kc5
Na3 47. Bd2 Kg4 48. Kd5 Kf3 49. Bh6 Nc2 50. Ke5 Ne3 51. Bg5 Ng2 52. Kf5 Ne1 53.
Ke5 Nd3+ 54. Kf5 e3 1/2-1/2

[Event "Asian Nations Cup 2016"]
[Site "Abu Dhabi UAE"]
[Date "2016.04.04"]
[Round "8.2"]
[White "Mohammad, Minhaz Uddin"]
[Black "Alattar, Rakan"]
[Result "1-0"]
[WhiteTitle "IM"]
[BlackTitle "CM"]
[WhiteElo "2436"]
[BlackElo "2065"]
[WhiteTeam "Bangladesh"]
[BlackTeam "Jordan"]
[WhiteFideId "10201955"]
[BlackFideId "8101248"]
[EventDate "2016.03.28"]

1. e4 d6 2. d4 g6 3. Nc3 Bg7 4. h4 h5 5. Bg5 Nd7 6. Nf3 c5 7. Qd2 cxd4 8. Nxd4
Ngf6 9. f3 a6 10. a3 b5 11. Nc6 Qb6 12. Nxe7 Bb7 13. Be3 Qc7 14. Ned5 Nxd5 15.
Nxd5 Bxd5 16. Qxd5 O-O 17. c3 Bxc3+ 18. Kf2 Bxb2 19. Ra2 Be5 20. g4 Nf6 21. Qd3
d5 22. Rc2 dxe4 23. Rxc7 exd3 24. Rc5 d2 25. Be2 Bb2 26. gxh5 Nxh5 27. Rg1 Kh8
28. f4 Nf6 29. Rc2 Bxa3 30. Bd4 Kg7 31. h5 Rh8 32. Rc7 Rac8 33. Rxg6+ Kh7 1-0

[Event "Asian Nations Cup 2016"]
[Site "Abu Dhabi UAE"]
[Date "2016.04.04"]
[Round "8.3"]
[White "Abo-Hazeem, Mohanned"]
[Black "Mollah Abdullah, Al Rakib"]
[Result "0-1"]
[BlackTitle "GM"]
[WhiteElo "2045"]
[BlackElo "2478"]
[WhiteTeam "Jordan"]
[BlackTeam "Bangladesh"]
[WhiteFideId "8101159"]
[BlackFideId "10200444"]
[EventDate "2016.03.28"]

1. d4 Nf6 2. Nf3 e6 3. Bg5 c5 4. c3 d5 5. e3 Nbd7 6. Nbd2 Qc7 7. Bd3 Be7 8. O-O
O-O 9. e4 dxe4 10. Nxe4 b6 11. Qe2 Bb7 12. dxc5 bxc5 13. c4 Rfe8 14. Rfd1 Rad8
15. Rd2 h6 16. Bh4 Nxe4 17. Bxe4 Bxh4 18. Nxh4 Bxe4 19. Qxe4 Nf6 20. Rxd8 Rxd8
21. Qe2 Qf4 22. Nf3 g5 23. h3 h5 24. Rd1 Rxd1+ 25. Qxd1 Ne4 26. Qe2 g4 27. hxg4
hxg4 28. Nh2 f5 29. Nf1 Kf7 30. a3 Qc1 31. Qd3 Ke7 32. b4 Qb2 33. Qe3 Qd4 34.
Qxd4 cxd4 35. f3 Nd6 36. fxg4 Nxc4 37. gxf5 exf5 38. a4 Kd6 39. Kf2 Nb2 40. a5
Nd3+ 41. Kf3 Nxb4 42. Kf4 Ke6 43. g4 fxg4 44. Kxg4 Nc6 45. Kf3 Kd5 46. Ke2 Nxa5
47. Kd3 Nc4 48. Kc2 a5 49. Kb3 Kc5 50. Ka4 d3 51. Kb3 Kd4 52. Ka4 Kc3 53. Ng3 d2
54. Ne4+ Kd3 55. Nxd2 Kxd2 56. Kb3 Kd3 57. Ka2 Kc2 58. Ka1 Kb3 59. Kb1 a4 60.
Ka1 a3 0-1

[Event "Asian Nations Cup 2016"]
[Site "Abu Dhabi UAE"]
[Date "2016.04.04"]
[Round "8.4"]
[White "Rahman, Md. Taibur"]
[Black "Alattar, Ghayda M."]
[Result "1-0"]
[WhiteTitle "FM"]
[BlackTitle "WFM"]
[WhiteElo "2330"]
[BlackElo "1952"]
[WhiteTeam "Bangladesh"]
[BlackTeam "Jordan"]
[WhiteFideId "10200622"]
[BlackFideId "8101531"]
[EventDate "2016.03.28"]

1. d4 Nf6 2. Bg5 d6 3. Bxf6 gxf6 4. g3 c6 5. c4 h5 6. h4 Qb6 7. Qd2 Bh6 8. e3
Bf5 9. Bg2 Nd7 10. Ne2 e5 11. Nbc3 Bg6 12. O-O Qc7 13. Rfd1 Rd8 14. Rac1 O-O 15.
b4 f5 16. d5 Nf6 17. dxc6 bxc6 18. b5 Ne4 19. Nxe4 fxe4 20. Nc3 d5 21. cxd5 cxd5
22. Nxd5 Qb7 23. a4 Rc8 24. Rc6 Rfd8 25. Qc3 Bf8 26. Bh3 Ra8 27. Qxe5 Bg7 28.
Qg5 Kh8 29. Bf5 Bxf5 30. Qxf5 Rd7 31. Qxh5+ Kg8 32. Rdc1 Kf8 33. Qf5 Rad8 34.
Nf4 Kg8 35. Nh5 Rd5 36. Qg4 f5 37. Qg6 Kh8 38. Rc7 Rd1+ 39. Kg2 1-0

[Event "Asian Nations Cup 2016"]
[Site "Abu Dhabi UAE"]
[Date "2016.04.04"]
[Round "8.1"]
[White "Abdyjapar, Asyl"]
[Black "Salem, A.R. Saleh"]
[Result "1/2-1/2"]
[WhiteTitle "IM"]
[BlackTitle "GM"]
[WhiteElo "2385"]
[BlackElo "2615"]
[WhiteTeam "Kyrgyzstan"]
[BlackTeam "UAE - 1"]
[WhiteFideId "13800337"]
[BlackFideId "9301348"]
[EventDate "2016.03.28"]

1. d4 Nf6 2. c4 c5 3. d5 e6 4. Nc3 exd5 5. cxd5 d6 6. e4 g6 7. Bd3 Bg7 8. h3 O-O
9. Nf3 Re8 10. O-O Nbd7 11. Bf4 c4 12. Bc2 Nc5 13. Nd2 b6 14. Re1 Ba6 15. a4 Nh5
16. Bh2 Rc8 17. Nb5 Bxb5 18. axb5 Bxb2 19. Rxa7 Nd3 20. Bxd3 cxd3 21. Qf3 Qf6
22. Qxd3 Qc3 23. Qxc3 Bxc3 24. Ra2 Nf6 25. Kf1 Bxd2 26. Rxd2 Rxe4 27. Rb1 Rec4
28. f3 Rc1+ 29. Rxc1 Rxc1+ 30. Kf2 Rb1 31. Bxd6 Rxb5 32. Ke3 h5 33. g4 h4 34.
Be5 Nxd5+ 35. Ke4 f6 36. Ba1 Ra5 37. Bb2 Rb5 38. Ba1 Ra5 39. Bb2 Rb5 40. Be5 1/2-1/2

[Event "Asian Nations Cup 2016"]
[Site "Abu Dhabi UAE"]
[Date "2016.04.04"]
[Round "8.2"]
[White "Saeed, Ishaq"]
[Black "Tologontegin, Semetey"]
[Result "1-0"]
[WhiteTitle "FM"]
[BlackTitle "IM"]
[WhiteElo "2286"]
[BlackElo "2370"]
[WhiteTeam "UAE - 1"]
[BlackTeam "Kyrgyzstan"]
[WhiteFideId "9301453"]
[BlackFideId "13800574"]
[EventDate "2016.03.28"]

1. d4 Nf6 2. c4 c5 3. e3 g6 4. Nf3 Bg7 5. Nc3 O-O 6. h3 b6 7. Be2 cxd4 8. exd4
d5 9. Ne5 Bb7 10. Bf3 h6 11. Ng4 Nxg4 12. hxg4 Nc6 13. cxd5 Nxd4 14. Bxh6 e6 15.
Bxg7 Nxf3+ 16. gxf3 Kxg7 17. Qd4+ f6 18. Qe3 Rh8 19. O-O-O Bxd5 20. Rxh8 Qxh8
21. Nxd5 exd5 22. Qe7+ Kg8 23. Qe6+ Kg7 24. Qd7+ Kf8 25. Qd6+ Kg7 26. Qd7+ Kf8
27. Re1 Qh4 28. Qd6+ Kg7 29. Qe7+ Kg8 30. Qe6+ Kg7 31. Qd7+ Kf8 32. Re6 Qh1+ 33.
Kd2 Qxf3 34. Qe7+ Kg8 35. Rxf6 Qxg4 36. Qf7+ Kh8 37. Rxg6 Qd4+ 38. Ke2 Qe4+ 39.
Kf1 Qh1+ 40. Ke2 Qe4+ 41. Kf1 Qd3+ 42. Kg2 Qe4+ 43. Kh2 Qe5+ 44. Rg3 Re8 45. Qg6 1-0

[Event "Asian Nations Cup 2016"]
[Site "Abu Dhabi UAE"]
[Date "2016.04.04"]
[Round "8.3"]
[White "Taalaibekov, Tagir"]
[Black "Khouri, Ahmed Abbas"]
[Result "1/2-1/2"]
[BlackTitle "FM"]
[WhiteElo "2150"]
[BlackElo "2062"]
[WhiteTeam "Kyrgyzstan"]
[BlackTeam "UAE - 1"]
[WhiteFideId "13801163"]
[BlackFideId "9301518"]
[EventDate "2016.03.28"]

1. d4 Nf6 2. Nf3 g6 3. c4 Bg7 4. g3 O-O 5. Bg2 d6 6. Nc3 Nc6 7. O-O a6 8. h3 Rb8
9. e4 b5 10. d5 b4 11. Ne2 Na5 12. Nfd4 Bd7 13. b3 c5 14. dxc6 Nxc6 15. Bb2 Qc8
16. Kh2 Ne8 17. Nxc6 Bxc6 18. Nd4 Ba8 19. Qe2 Nc7 20. Rad1 Ne6 21. Nxe6 Qxe6 22.
Bc1 a5 23. f4 Bc6 24. Qd3 a4 25. Bd2 axb3 26. axb3 Qc8 27. f5 Qb7 28. Bg5 Rfe8
29. Rde1 Ra8 30. Re2 gxf5 31. exf5 Bxg2 32. Rxg2 Ra5 33. h4 Rea8 34. Qf3 Qxf3
35. Rxf3 Kf8 36. Re2 Be5 37. f6 Bxf6 38. Bxf6 exf6 39. Rxf6 Ra2 40. Rff2 Rxe2
41. Rxe2 Ra1 42. Kg2 Rc1 43. Kf3 f6 44. Ke4 Ke7 45. Kd3+ Kd7 46. Re3 Rf1 47. Kd4
Rd1+ 48. Rd3 Rc1 49. Ke3 Ke6 50. Kd4 Kd7 51. Re3 Rd1+ 52. Ke4 Ke6 53. Kf4+ Kf7
54. Rf3 Ke6 55. Re3+ Kf7 56. g4 Rh1 57. h5 Rc1 58. Rf3 Ke6 59. Re3+ Kf7 60. Rf3
Ke6 61. Re3+ Kf7 62. Rg3 Ke6 63. Re3+ Kf7 64. Ke4 Ke6 65. Kd4+ Kd7 66. Ke4 Ke6
67. Kf4+ Kf7 68. Re2 Rf1+ 69. Ke4 Ke6 70. Kd4+ Kd7 71. c5 Rf4+ 72. Kd5 dxc5 73.
Rg2 Rf3 74. Kxc5 Rxb3 75. g5 Rh3 76. gxf6 Rxh5+ 77. Kxb4 Ke6 78. Kc4 Kxf6 79.
Kd4 Rf5 80. Ke4 h5 81. Rg8 Ra5 1/2-1/2

[Event "Asian Nations Cup 2016"]
[Site "Abu Dhabi UAE"]
[Date "2016.04.04"]
[Round "8.4"]
[White "Mayed, AlRashedi"]
[Black "Kenenbaev, Aidar"]
[Result "1/2-1/2"]
[WhiteTitle "FM"]
[WhiteElo "1977"]
[BlackElo "2042"]
[WhiteTeam "UAE - 1"]
[BlackTeam "Kyrgyzstan"]
[WhiteFideId "9303871"]
[BlackFideId "13801180"]
[EventDate "2016.03.28"]

1. e4 c5 2. Nf3 d6 3. d4 cxd4 4. Nxd4 Nf6 5. Nc3 a6 6. Bg5 e6 7. f4 Be7 8. Qf3
Nbd7 9. O-O-O Qc7 10. Kb1 h6 11. Bh4 g5 12. fxg5 Ne5 13. Qe2 Nfg4 14. Nf3 hxg5
15. Bxg5 Bxg5 16. Nxg5 Qc5 17. Na4 Qa5 18. Nc3 Qc5 19. Na4 Qa5 20. Nc3 Qc5 1/2-1/2

[Event "Asian Nations Cup 2016"]
[Site "Abu Dhabi UAE"]
[Date "2016.04.04"]
[Round "8.1"]
[White "Nguyen, Ngoc Truong Son"]
[Black "Weerawardane, Romesh"]
[Result "1-0"]
[WhiteTitle "GM"]
[BlackTitle "IM"]
[WhiteElo "2649"]
[BlackElo "2084"]
[WhiteTeam "Vietnam"]
[BlackTeam "Sri Lanka"]
[WhiteFideId "12401110"]
[BlackFideId "9900373"]
[EventDate "2016.03.28"]

1. d4 Nf6 2. c4 e6 3. Nf3 d5 4. g3 c6 5. Bg2 Bb4+ 6. Bd2 Be7 7. Qc2 O-O 8. O-O
Nbd7 9. Bf4 Nh5 10. Bc1 Nhf6 11. Rd1 Ne4 12. Nbd2 f5 13. e3 Bd6 14. Ne1 Qg5 15.
Nd3 Rf6 16. Nf3 Qh5 17. Bd2 g5 18. Bb4 Bxb4 19. Nxb4 f4 20. exf4 gxf4 21. Rf1
Rh6 22. Rfe1 Nf8 23. Nh4 Ng5 24. Qd1 f3 25. Bxf3 Nh3+ 26. Kg2 Nf4+ 27. Kf1 Qg5
28. Nd3 Nxd3 29. Qxd3 Qf6 30. Bg2 Rxh4 31. gxh4 Ng6 32. Qg3 Kh8 33. cxd5 cxd5
34. Qg5 Qxd4 35. Qd8+ Kg7 36. Rac1 Nxh4 37. Rc7+ Kg6 38. Be4+ 1-0

[Event "Asian Nations Cup 2016"]
[Site "Abu Dhabi UAE"]
[Date "2016.04.04"]
[Round "8.2"]
[White "Priyankara, Chamil"]
[Black "Nguyen, Huynh Minh Huy"]
[Result "1/2-1/2"]
[BlackTitle "GM"]
[WhiteElo "2016"]
[BlackElo "2455"]
[WhiteTeam "Sri Lanka"]
[BlackTeam "Vietnam"]
[WhiteFideId "9901566"]
[BlackFideId "12401269"]
[EventDate "2016.03.28"]

1. d4 Nf6 2. c4 e6 3. Nf3 d5 4. Nc3 Be7 5. Bg5 h6 6. Bf4 O-O 7. e3 c5 8. cxd5
Nxd5 9. Nxd5 exd5 10. Be2 cxd4 11. exd4 Qb6 12. O-O Nc6 13. Qd2 Bf5 14. Bd3 Bxd3
15. Qxd3 Bf6 16. Rfd1 Rfe8 17. Be3 Rac8 18. a3 Na5 19. Rab1 Nc4 20. Bc1 Qd6 21.
Ne1 Qe6 22. Nc2 Qe2 23. Ne3 Qxd3 24. Rxd3 Bg5 25. Kf1 Bxe3 26. fxe3 Rc6 27. Ke2
Rec8 28. Rc3 Nd6 29. Bd2 Rxc3 30. Bxc3 f6 31. Kd3 Kf7 32. Rf1 Ke6 33. g4 g5 34.
h4 Ne4 35. h5 b6 36. a4 Rc4 37. Bd2 Rxa4 38. Rc1 Kd7 39. Be1 a5 40. b3 Ra2 41.
Rc2 Rxc2 42. Kxc2 Ke6 1/2-1/2

[Event "Asian Nations Cup 2016"]
[Site "Abu Dhabi UAE"]
[Date "2016.04.04"]
[Round "8.3"]
[White "Dao, Thien Hai"]
[Black "Naotunna, Dineth Nimnaka"]
[Result "1-0"]
[WhiteTitle "GM"]
[WhiteElo "2481"]
[BlackElo "2022"]
[WhiteTeam "Vietnam"]
[BlackTeam "Sri Lanka"]
[WhiteFideId "12400084"]
[BlackFideId "9919228"]
[EventDate "2016.03.28"]

1. d4 Nf6 2. c4 e6 3. Nc3 d5 4. cxd5 exd5 5. Bg5 Be7 6. e3 h6 7. Bh4 O-O 8. Bd3
Re8 9. Nge2 c6 10. O-O Ne4 11. Bxe7 Qxe7 12. Bxe4 dxe4 13. Ng3 f5 14. f3 exf3
15. Rxf3 Be6 16. Qd3 g6 17. e4 fxe4 18. Ncxe4 Nd7 19. Nd6 Kg7 20. Nxe8+ Rxe8 21.
Re1 Nf6 22. Qd2 Nd5 23. Re5 Nf6 24. h3 Nd7 25. Re1 Nf6 26. b3 Qd8 27. Rfe3 Bf7
28. Rxe8 Nxe8 29. Qe3 Nf6 30. Qe5 Qd5 31. Qf4 b5 32. Kh2 a5 33. Rf1 Qe6 34. Rc1
a4 35. bxa4 Qxa2 36. Rxc6 Nd7 37. Rc7 Qd5 38. axb5 Qxb5 39. Ne4 Qd5 40. Nd6 Be6
41. Ne8+ 1-0

[Event "Asian Nations Cup 2016"]
[Site "Abu Dhabi UAE"]
[Date "2016.04.04"]
[Round "8.4"]
[White "Subasinghe, K R V R"]
[Black "Nguyen, Anh Khoi"]
[Result "0-1"]
[BlackTitle "FM"]
[WhiteElo "1984"]
[BlackElo "2412"]
[WhiteTeam "Sri Lanka"]
[BlackTeam "Vietnam"]
[WhiteFideId "9909117"]
[BlackFideId "12404675"]
[EventDate "2016.03.28"]

1. b3 e5 2. Bb2 Nc6 3. e3 Nf6 4. d3 d5 5. Nf3 Bd6 6. Nbd2 O-O 7. Be2 Re8 8. e4
d4 9. O-O Ne7 10. Nc4 Ng6 11. a3 c5 12. c3 Be6 13. cxd4 cxd4 14. Bc1 Bc7 15. a4
a6 16. Bg5 b5 17. axb5 axb5 18. Na3 Qd7 19. Qb1 Ba5 20. b4 Bc7 21. Rc1 Bd6 22.
Bd2 h6 23. Qb2 Ne7 24. Bd1 Nc8 25. Bb3 Bg4 26. Ne1 Nb6 27. Kf1 Na4 28. Bxa4 Rxa4
29. Nac2 Rea8 30. Rxa4 Rxa4 31. Ra1 Be6 32. Nf3 Qa7 33. Nfe1 Nd7 34. f4 exf4 35.
Nf3 Ne5 36. Rxa4 Qxa4 37. Nxe5 Bxe5 38. Ne1 f5 39. Qc2 Qxc2 40. Nxc2 fxe4 41.
dxe4 Bc4+ 42. Kf2 Bd3 43. Na3 g5 44. Kf3 h5 45. g3 g4+ 46. Kf2 fxg3+ 47. hxg3
Kf7 48. Bg5 Bd6 0-1

[Event "Asian Nations Cup 2016"]
[Site "Abu Dhabi UAE"]
[Date "2016.04.04"]
[Round "8.1"]
[White "Eid, Fadi"]
[Black "Mohammed, Zozek Salah Mohammed"]
[Result "1-0"]
[WhiteTitle "IM"]
[BlackTitle "FM"]
[WhiteElo "2352"]
[BlackElo "2256"]
[WhiteTeam "Lebanon"]
[BlackTeam "Iraq"]
[WhiteFideId "5300118"]
[BlackFideId "4803361"]
[EventDate "2016.03.28"]

1. e4 c5 2. Nf3 d6 3. d4 cxd4 4. Nxd4 Nf6 5. Nc3 a6 6. Be3 e5 7. Nb3 Be7 8. Qd2
Be6 9. O-O-O O-O 10. f4 Ng4 11. g3 Nxe3 12. Qxe3 b5 13. Kb1 b4 14. Na4 Nd7 15.
f5 Bxb3 16. cxb3 Bg5 17. Qf3 Nb6 18. h4 Bh6 19. g4 Bf4 20. Nxb6 Qxb6 21. Bc4
Rfd8 22. g5 g6 23. Rh3 Kf8 24. fxg6 fxg6 25. h5 Kg7 26. hxg6 hxg6 27. Rh7+ 1-0

[Event "Asian Nations Cup 2016"]
[Site "Abu Dhabi UAE"]
[Date "2016.04.04"]
[Round "8.2"]
[White "Ismael, Namir Mohammed Ismael"]
[Black "Bassel, Charaf"]
[Result "0-1"]
[WhiteTitle "CM"]
[WhiteElo "2169"]
[BlackElo "2112"]
[WhiteTeam "Iraq"]
[BlackTeam "Lebanon"]
[WhiteFideId "4800800"]
[BlackFideId "5300657"]
[EventDate "2016.03.28"]

1. Nf3 Nc6 2. d4 d5 3. Bf4 Bg4 4. e3 e6 5. c4 Nf6 6. Nc3 a6 7. h3 Bf5 8. c5 Ne4
9. Rc1 h6 10. Be2 g5 11. Bh2 Bg7 12. b4 O-O 13. Qb3 Nxc3 14. Qxc3 Re8 15. O-O f6
16. Rfd1 Kh8 17. Bf1 e5 18. a4 Be4 19. Nd2 exd4 20. exd4 f5 21. Nb3 f4 22. b5
axb5 23. Bxb5 f3 24. gxf3 Bf5 25. f4 gxf4 26. Bxf4 Rg8 27. Kh2 Qh4 28. Qg3 Qh5
29. Bxc6 bxc6 30. Rg1 Rae8 31. Rce1 Be4 32. Qg4 Qf7 33. Qh4 Rgf8 34. Be3 Re6 35.
Nd2 Bf5 36. Rg3 Rg6 37. Rxg6 Bxg6 38. Rg1 Kh7 39. a5 Ra8 40. Ra1 Bd3 41. Qg3 Rg8
42. Rg1 Be2 43. Qh4 Bd3 44. Bf4 Rf8 45. Be3 Be2 46. Re1 Bd3 47. Qg3 Bb5 48. Rg1
Ba6 49. Nf3 Rg8 50. Nh4 Bc8 51. Ng6 Bf8 52. Nxf8+ Qxf8 53. Qe5 Rxg1 54. Qxc7+
Rg7 0-1

[Event "Asian Nations Cup 2016"]
[Site "Abu Dhabi UAE"]
[Date "2016.04.04"]
[Round "8.3"]
[White "Asmar, Elie"]
[Black "Salih, Akar Ali Salih"]
[Result "0-1"]
[BlackTitle "FM"]
[WhiteElo "2051"]
[BlackElo "2279"]
[WhiteTeam "Lebanon"]
[BlackTeam "Iraq"]
[WhiteFideId "5301432"]
[BlackFideId "4800575"]
[EventDate "2016.03.28"]

1. d4 Nf6 2. c4 g6 3. Nc3 Bg7 4. e4 d6 5. Be2 O-O 6. Be3 e5 7. d5 a5 8. Qd2 Na6
9. f3 Nh5 10. g4 Nf4 11. O-O-O f5 12. gxf5 gxf5 13. h4 b6 14. Bxf4 exf4 15. Nh3
fxe4 16. Nxe4 Bxh3 17. Rxh3 Nc5 18. Bd3 a4 19. Ng5 a3 20. Bxh7+ Kh8 21. b3 Nxb3+
22. axb3 a2 23. Kc2 a1=Q 24. Rxa1 Rxa1 25. Kd3 Qf6 26. Ke2 Re8+ 27. Be4 Rb1 28.
Ne6 Rb2 29. Bc2 Rxe6+ 0-1

[Event "Asian Nations Cup 2016"]
[Site "Abu Dhabi UAE"]
[Date "2016.04.04"]
[Round "8.4"]
[White "Abdulwahhab, Ahmed Abdulsattar A"]
[Black "Maasarani, Mahmoud"]
[Result "1-0"]
[WhiteTitle "FM"]
[WhiteElo "2279"]
[BlackElo "2052"]
[WhiteTeam "Iraq"]
[BlackTeam "Lebanon"]
[WhiteFideId "4801849"]
[BlackFideId "5300681"]
[EventDate "2016.03.28"]

1. e4 g6 2. d4 Bg7 3. Nc3 d6 4. f4 Nf6 5. e5 dxe5 6. dxe5 Qxd1+ 7. Kxd1 Ng4 8.
Nd5 Kd8 9. Ke1 c6 10. Ne3 f6 11. Nf3 fxe5 12. Nxg4 Bxg4 13. Nxe5 Be6 14. Bc4
Bxc4 15. Nxc4 Nd7 16. a4 Kc7 17. Kf2 e5 18. Re1 Rhf8 19. Kg3 Rae8 20. fxe5 Nxe5
21. Bf4 Rf5 22. h4 h6 23. Ne3 Rf7 24. Ng4 Rfe7 25. Nxe5 Bxe5 26. Rxe5 Rxe5 27.
Re1 Kd6 28. c4 g5 29. hxg5 hxg5 30. Bxe5+ Rxe5 31. Rxe5 Kxe5 32. Kg4 Kf6 33. c5
b6 34. cxb6 axb6 35. b4 Ke5 36. a5 bxa5 37. bxa5 Kd6 38. Kxg5 c5 39. Kf4 c4 40.
a6 Kc6 41. g4 Kb6 42. g5 Kxa6 43. g6 Kb5 44. g7 Kb4 45. g8=Q Kc3 46. Ke4 1-0